Osmanlı askeri tarihi / (Record no. 13123)

MARC details
000 -BAŞLIK
Sabit Uzunlukta Kontrol Alanı 00947nam a2200253 4500
999 ## - SİSTEM KONTROL NUMARALARI (KOHA)
Koha Biblionumber 13123
Koha Biblioitemnumber 13123
003 - KONTROL NUMARASI IDENTIFIER
Denetim Alanı MIRAKIL
005 - SON İŞLEM TARİHİ VE ZAMANI
Denetim Alanı 20190411150014.0
008 - SABİT-BOY VERİ ELEMANLARI - GENEL BİLGİLER
Sabit Uzunlukta Kontrol Alanı 190411b tu ||||| |||| 00| 0 tur d
020 ## - ULUSLARARASI STANDART KİTAP NUMARASI
Uluslararası Standart Kitap Numarası 9786053322818
040 ## - KATALOGLAMA KAYNAK
Orijinal Kataloglama Ajansı TR-AnCHP
Metne Dönüştürmek Ajansı TR-AnCHP
041 ## - DİL KODU
Metin / Ses Parça Veya Ayrı Başlığın Dil Kodu tur
082 ## - DEWEY ONLU SINIFLANDIRMA NUMARASI
Sınıflandırma Numarası 355.009561015
Ürün Numarası U92o 2014
100 ## - ANA GİRİŞ - KİŞİSEL İSİM
Kişisel Ad Uyar, Mesut
245 10 - BAŞLIK TABLOSU
Başlık Osmanlı askeri tarihi /
Sorumluluk Tablosu, Vb Mesut Uyar, Edward J. Erickson.
260 ## - YAYIN, DAĞITIM, VB
Yayın, Dağıtım, Vb Yeri İstanbul :
Yayıncı, Dağıtıcı, Vs Adı Türkiye İş Bankası Kültür Yayınları ,
Yayın, Dağıtım, Vb Tarihi 2014.
300 ## - FİZİKSEL TANIM
Kapsam xvıı, 673 s.:
Diğer Fiziksel Ayrıntıları hrt., fotğ.;
Boyutlar 23 sm.
490 0# - SERİSİ TABLOSU
Seri Beyanı Türkiye İş Bankası Kültür Yayınları ;
Hacim / Ardışık Tanımı genel yayın : 3147.
500 ## - GENEL NOT
Genel Not Özgün yapıt adı: A military history of the Ottomans from Osman to Atatürk.
504 ## - KAYNAKÇA VB NOT
Kaynakça Vb Notu Kaynakça ve dizin vardır.
650 #0 - KONU KATMA GİRİŞ - TOPİKAL DÖNEM
9 (RLIN) 5620
Topikal Süreli Veya Coğrafi Ad Giriş Elemanı Askeri tarih
Genel Alt Bölümü Türkiye
Kronolojik Alt Bölümü Osmanlı imparatorluğu dönemi
650 #0 - KONU KATMA GİRİŞ - TOPİKAL DÖNEM
9 (RLIN) 710
Topikal Süreli Veya Coğrafi Ad Giriş Elemanı Osmanlı İmparatorluğu
Genel Alt Bölümü Askerlik
700 ## - KATMA GİRİŞ - KİŞİSEL İSİM
9 (RLIN) 5621
Kişisel Ad Erickson, Edward J.
942 ## - EKLENDİ GİRİŞ ELEMANLARI (KOHA)
Sınıflandırma Veya Raf Düzeni Kaynak Dewey Decimal Classification
Koha Öğesi Türü Books
Holdings
Kalıcı Konum Mevcut Konum Edinme Tarihi Toplam Check-Out'Lar Tam Çağrı Numarası Barkod Tarih Son Görülme İtibaren Geçerli Fiyatlar Koha Öğesi Türü
CHP Kütüphanesi CHP Kütüphanesi 04/11/2019   355.009561015 U92o 2014 019150 04/11/2019 04/11/2019 Books